000
00340 a2200157 4500
001
72766
020
_a
040
_c
Anchieta - Colégio São Paulo
240
1
0
_a
Caderno de atividades
_l
por
245
1
0
_a
Caderno de atividades
300
_a
24
362
0
_a
2004
440
1
_a
Editora do Brasil
650
4
_a
Matemática
942
_c
BK
999
_c
72766
_d
72766